000 00741nam a22002177a 4500
003 UA-OsUOA
001 101129
007 ta
008 20130605b un ||||| |||| 00| 0 ukr d
100 _aАвраменко О.
090 _a82
_bА21
942 _cSA
040 _aUA-OsUOA
_bukr
_cUA-OsUOA
_dUA-OsUOA
245 _aПоезія другої половини ХХ століття. Узагальнення й систематизація вивченого
300 _aС.12-15
955 _a0
041 _aukr
080 _a82
773 0 _w101127
_tУкраїнська мова й література в сучасній школі
_dК.
_d2013
_g5
650 7 _a82 Література. Літературознавство
_2UDC
999 _c387376
_d387376